[Event "DEM U16w 2025"]
[Site "Willingen GER"]
[Date "2025.06.12"]
[Round "7"]
[White "Trunz, Tamila"]
[Black "Halas, Neele Zoe"]
[Result "1/2-1/2"]
[Termination "normal"]
[Board "4"]
[WhiteElo "2053"]
[BlackElo "1804"]
[WhiteClock "00:15:15"]
[BlackClock "00:20:13"]
[PlyCount "117"]
[WhiteFideId "16267885"]
[BlackFideId "16287282"]
[EventCountry "GER"]
[EventRounds "9"]
[EventType "swiss"]
[EventDate "2025.06.07"]

1. e4 {[%clk 01:30:56]} {[%emt 00:00:04]} e6 {[%clk 01:30:36]} {[%emt
00:00:25]} 2. d4 {[%clk 01:31:17]} {[%emt 00:00:08]} d5 {[%clk 01:31:02]}
{[%emt 00:00:04]} 3. Nc3 {[%clk 01:31:30]} {[%emt 00:00:18]} Nf6 {[%clk
01:31:27]} {[%emt 00:00:06]} 4. e5 {[%clk 01:31:26]} {[%emt 00:00:33]} Nfd7
{[%clk 01:31:48]} {[%emt 00:00:08]} 5. f4 {[%clk 01:31:19]} {[%emt 00:00:37]}
c5 {[%clk 01:31:39]} {[%emt 00:00:40]} 6. Be3 {[%clk 01:21:09]} {[%emt
00:10:40]} Nc6 {[%clk 01:27:57]} {[%emt 00:04:12]} 7. Nf3 {[%clk 01:16:42]}
{[%emt 00:04:56]} cxd4 {[%clk 01:15:42]} {[%emt 00:12:46]} 8. Nxd4 {[%clk
01:06:20]} Bc5 {[%emt 00:14:23]} 9. Qd2 Nxd4 10. Bxd4 a6 {[%clk 01:12:40]} 11.
g3 {[%clk 01:03:06]} Bxd4 {[%clk 00:58:26]} {[%emt 00:33:47]} 12. Qxd4 {[%clk
00:50:12]} Qb6 {[%clk 00:58:47]} {[%emt 00:00:14]} 13. O-O-O {[%clk 00:44:57]}
Qxd4 {[%clk 00:58:36]} {[%emt 00:06:27]} 14. Rxd4 {[%clk 00:45:22]} Nc5 {[%clk
00:56:58]} {[%emt 00:02:12]} 15. Bh3 {[%clk 00:44:07]} g6 {[%clk 00:52:52]}
{[%emt 00:06:22]} 16. Rhd1 {[%clk 00:41:13]} Ke7 {[%clk 00:50:08]} {[%emt
00:06:37]} 17. b3 {[%clk 00:34:55]} b5 {[%clk 00:50:08]} 18. Bg2 {[%clk
00:34:55]} Bb7 {[%clk 00:36:58]} {[%emt 00:23:11]} 19. Kb2 {[%clk 00:23:47]}
Bc6 {[%clk 00:32:26]} {[%emt 00:14:58]} 20. a3 {[%clk 00:23:19]} Rhb8 {[%clk
00:28:55]} {[%emt 00:04:58]} 21. Na2 {[%clk 00:22:23]} Ra7 {[%clk 00:25:18]}
{[%emt 00:05:34]} 22. Re1 {[%clk 00:20:12]} Ba8 {[%clk 00:22:38]} {[%emt
00:05:51]} 23. g4 {[%clk 00:20:12]} Nd7 {[%clk 00:21:07]} {[%emt 00:02:31]} 24.
Re3 {[%clk 00:19:00]} Rc7 {[%clk 00:20:19]} {[%emt 00:03:00]} 25. h4 {[%clk
00:15:42]} Rbc8 {[%clk 00:20:13]} {[%emt 00:04:24]} 26. Rd2 {[%clk 00:15:15]}
Nb6 {[%clk 00:20:13]} 27. Rh3 {[%clk 00:15:15]} Bb7 {[%clk 00:20:13]} 28. h5
{[%clk 00:15:15]} a5 {[%clk 00:20:13]} 29. Bf1 {[%clk 00:15:15]} Ba6 {[%clk
00:20:13]} 30. a4 {[%clk 00:15:15]} Rc5 {[%clk 00:20:13]} 31. hxg6 {[%clk
00:15:15]} hxg6 {[%clk 00:20:13]} 32. Rf2 {[%clk 00:15:15]} Ra8 {[%clk
00:20:13]} 33. axb5 {[%clk 00:15:15]} Bxb5 {[%clk 00:20:13]} 34. f5 {[%clk
00:15:15]} gxf5 {[%clk 00:20:13]} 35. gxf5 {[%clk 00:15:15]} exf5 {[%clk
00:20:13]} 36. Bxb5 {[%clk 00:15:15]} Rxb5 {[%clk 00:20:13]} 37. Rxf5 {[%clk
00:15:15]} a4 {[%clk 00:20:13]} 38. Nc3 {[%clk 00:15:15]} a3+ {[%clk 00:20:13]}
39. Ka2 {[%clk 00:15:15]} Rc5 {[%clk 00:20:13]} 40. Rhf3 {[%clk 00:15:15]} Rf8
{[%clk 00:20:13]} 41. Kxa3 {[%clk 00:15:15]} d4 {[%clk 00:20:13]} 42. Na4
{[%clk 00:15:15]} Nxa4 {[%clk 00:20:13]} 43. bxa4 {[%clk 00:15:15]} Rxc2 {[%clk
00:20:13]} 44. Rf6 {[%clk 00:15:15]} Re2 {[%clk 00:20:13]} 45. Rd6 {[%clk
00:15:15]} Re3+ {[%clk 00:20:13]} 46. Rxe3 {[%clk 00:15:15]} dxe3 {[%clk
00:20:13]} 47. Rd3 {[%clk 00:15:15]} f6 {[%clk 00:20:13]} 48. exf6+ {[%clk
00:15:15]} Rxf6 {[%clk 00:20:13]} 49. Rxe3+ {[%clk 00:15:15]} Kd7 {[%clk
00:20:13]} 50. Kb4 {[%clk 00:15:15]} Kc7 {[%clk 00:20:13]} 51. Kb5 {[%clk
00:15:15]} Kb7 {[%clk 00:20:13]} 52. Re7+ {[%clk 00:15:15]} Ka8 {[%clk
00:20:13]} 53. Re5 {[%clk 00:15:15]} Rg6 {[%clk 00:20:13]} 54. a5 {[%clk
00:15:15]} Rg8 {[%clk 00:20:13]} 55. a6 {[%clk 00:15:15]} Rf8 {[%clk 00:20:13]}
56. Re6 {[%clk 00:15:15]} Rg8 {[%clk 00:20:13]} 57. Kb6 {[%clk 00:15:15]} Rf8
{[%clk 00:20:13]} 58. Rc6 {[%clk 00:15:15]} Rg8 {[%clk 00:20:13]} 59. Rc7
{[%clk 00:15:15]} 1/2-1/2

[Event "DEM U16w 2025"]
[Site "Willingen GER"]
[Date "2025.06.12"]
[Round "7"]
[White "Bezsonna, Polina"]
[Black "Moldovan, Stela"]
[Result "1-0"]
[Termination "normal"]
[Board "5"]
[WhiteElo "1972"]
[BlackElo "1711"]
[WhiteClock "00:09:49"]
[BlackClock "00:38:56"]
[PlyCount "61"]
[WhiteFideId "14191156"]
[BlackFideId "16287380"]
[EventCountry "GER"]
[EventRounds "9"]
[EventType "swiss"]
[EventDate "2025.06.07"]

1. e4 {[%clk 01:30:58]} c6 {[%clk 01:30:33]} {[%emt 00:00:27]} 2. d4 {[%clk
01:31:21]} {[%emt 00:00:08]} d5 {[%clk 01:30:45]} {[%emt 00:00:18]} 3. e5
{[%clk 01:31:46]} {[%emt 00:00:05]} c5 {[%clk 01:30:52]} {[%emt 00:00:22]} 4.
dxc5 {[%clk 01:32:10]} {[%emt 00:00:07]} e6 {[%clk 01:30:58]} {[%emt 00:00:23]}
5. Be3 {[%clk 01:32:33]} {[%emt 00:00:08]} Nd7 {[%clk 01:30:46]} {[%emt
00:00:42]} 6. f4 {[%clk 01:31:19]} {[%emt 00:01:44]} Nxc5 {[%clk 01:25:16]}
{[%emt 00:06:00]} 7. Nf3 {[%clk 01:28:51]} {[%emt 00:02:57]} Bd7 {[%clk
01:22:36]} {[%emt 00:03:11]} 8. Nbd2 {[%clk 01:26:49]} {[%emt 00:02:32]} Nh6
{[%clk 01:20:32]} {[%emt 00:02:35]} 9. Nd4 {[%clk 01:24:24]} {[%emt 00:02:54]}
Be7 {[%clk 01:15:44]} {[%emt 00:05:17]} 10. Be2 {[%clk 01:23:45]} {[%emt
00:01:10]} Bh4+ {[%clk 01:15:01]} {[%emt 00:01:12]} 11. g3 {[%clk 01:23:05]}
{[%emt 00:01:10]} Be7 {[%clk 01:15:10]} {[%emt 00:00:21]} 12. O-O {[%clk
01:16:11]} {[%emt 00:07:24]} O-O {[%clk 01:13:17]} {[%emt 00:02:23]} 13. Bf3
{[%clk 01:02:53]} {[%emt 00:13:48]} Bc6 {[%clk 01:11:09]} {[%emt 00:02:38]} 14.
g4 {[%clk 00:53:49]} {[%emt 00:09:35]} Qc7 {[%clk 01:09:40]} {[%emt 00:01:55]}
15. Rc1 {[%clk 00:37:43]} {[%emt 00:16:40]} Na4 {[%clk 01:04:42]} {[%emt
00:05:24]} 16. Rb1 {[%clk 00:27:45]} {[%emt 00:10:33]} b5 {[%clk 00:54:44]}
{[%emt 00:10:27]} 17. Qe2 {[%clk 00:25:09]} {[%emt 00:03:06]} Bc5 {[%clk
00:51:48]} {[%emt 00:03:26]} 18. N2b3 {[%clk 00:24:57]} {[%emt 00:00:42]} Bb6
{[%clk 00:52:02]} {[%emt 00:00:15]} 19. Kh1 {[%clk 00:19:29]} {[%emt 00:05:58]}
a6 {[%clk 00:48:03]} {[%emt 00:04:30]} 20. f5 {[%clk 00:14:16]} {[%emt
00:05:43]} Qxe5 {[%clk 00:48:01]} {[%emt 00:00:32]} 21. Qd2 {[%clk 00:14:04]}
{[%emt 00:00:42]} Bd7 {[%clk 00:46:40]} {[%emt 00:01:49]} 22. Bf4 {[%clk
00:09:47]} {[%emt 00:04:49]} Qf6 {[%clk 00:44:29]} {[%emt 00:02:39]} 23. g5
{[%clk 00:10:05]} {[%emt 00:00:13]} Qe7 {[%clk 00:44:34]} {[%emt 00:00:22]} 24.
f6 {[%clk 00:08:15]} {[%emt 00:02:23]} gxf6 {[%clk 00:44:21]} {[%emt 00:00:43]}
25. gxf6 {[%clk 00:08:32]} {[%emt 00:00:15]} Qxf6 {[%clk 00:39:36]} {[%emt
00:05:15]} 26. Bg5 {[%clk 00:08:03]} {[%emt 00:00:58]} Qe5 {[%clk 00:39:07]}
{[%emt 00:00:55]} 27. Rbe1 {[%clk 00:08:30]} {[%emt 00:00:06]} Qd6 {[%clk
00:38:38]} {[%emt 00:00:59]} 28. Bxh6 {[%clk 00:08:55]} {[%emt 00:00:07]} e5
{[%clk 00:38:28]} {[%emt 00:00:39]} 29. Rg1+ {[%clk 00:09:09]} {[%emt
00:00:16]} Kh8 {[%clk 00:38:30]} {[%emt 00:00:28]} 30. Bg7+ {[%clk 00:09:31]}
{[%emt 00:00:08]} Kg8 {[%clk 00:38:56]} {[%emt 00:00:04]} 31. Bf6+ {[%clk
00:09:49]} {[%emt 00:00:12]} 1-0

[Event "DEM U16w 2025"]
[Site "Willingen GER"]
[Date "2025.06.12"]
[Round "7"]
[White "Preißler, Viktoria"]
[Black "Prokscha, Charlotte"]
[Result "1-0"]
[Termination "normal"]
[Board "6"]
[WhiteElo "1828"]
[BlackElo "1808"]
[WhiteClock "00:26:37"]
[BlackClock "00:05:19"]
[PlyCount "55"]
[WhiteFideId "34693360"]
[BlackFideId "34614699"]
[EventCountry "GER"]
[EventRounds "9"]
[EventType "swiss"]
[EventDate "2025.06.07"]

1. e4 {[%clk 01:30:57]} {[%emt 00:00:03]} c5 {[%clk 01:30:55]} {[%emt
00:00:05]} 2. a3 {[%clk 01:31:22]} {[%emt 00:00:05]} Nc6 {[%clk 01:31:11]}
{[%emt 00:00:14]} 3. b4 {[%clk 01:31:47]} {[%emt 00:00:06]} e6 {[%clk
01:30:43]} {[%emt 00:00:58]} 4. bxc5 {[%clk 01:27:28]} {[%emt 00:04:48]} Bxc5
{[%clk 01:26:12]} {[%emt 00:05:01]} 5. Nf3 {[%clk 01:26:50]} {[%emt 00:01:09]}
Qb6 {[%clk 01:13:17]} {[%emt 00:13:24]} 6. Qe2 {[%clk 01:20:39]} {[%emt
00:06:42]} Nf6 {[%clk 01:07:53]} {[%emt 00:05:53]} 7. h3 {[%clk 01:17:57]}
{[%emt 00:03:13]} O-O {[%clk 01:05:41]} {[%emt 00:02:42]} 8. d3 {[%clk
01:15:49]} {[%emt 00:02:38]} d5 {[%clk 01:04:32]} {[%emt 00:01:40]} 9. e5
{[%clk 01:14:02]} {[%emt 00:02:15]} Nd7 {[%clk 01:04:41]} {[%emt 00:00:20]} 10.
c3 {[%clk 01:13:25]} {[%emt 00:01:09]} d4 {[%clk 00:51:18]} {[%emt 00:13:52]}
11. c4 {[%clk 01:12:33]} {[%emt 00:01:22]} Qc7 {[%clk 00:49:21]} {[%emt
00:02:26]} 12. Bf4 {[%clk 01:08:19]} {[%emt 00:04:46]} f6 {[%clk 00:47:42]}
{[%emt 00:02:09]} 13. Bh2 {[%clk 01:03:50]} {[%emt 00:04:59]} Ndxe5 {[%clk
00:45:47]} {[%emt 00:02:25]} 14. Nxe5 {[%clk 01:00:23]} {[%emt 00:03:56]} fxe5
{[%clk 00:43:47]} {[%emt 00:02:30]} 15. Nd2 {[%clk 00:57:12]} {[%emt 00:03:41]}
a6 {[%clk 00:37:47]} {[%emt 00:06:31]} 16. g4 {[%clk 00:51:35]} {[%emt
00:06:07]} Qe7 {[%clk 00:34:29]} {[%emt 00:03:47]} 17. Bxe5 {[%clk 00:46:53]}
{[%emt 00:05:13]} Nxe5 {[%clk 00:32:47]} {[%emt 00:02:11]} 18. Qxe5 {[%clk
00:46:34]} {[%emt 00:00:49]} Bxa3 {[%clk 00:32:37]} {[%emt 00:00:41]} 19. Bg2
{[%clk 00:43:45]} {[%emt 00:03:19]} Bb4 {[%clk 00:28:54]} {[%emt 00:04:11]} 20.
Ra2 {[%clk 00:41:24]} {[%emt 00:02:52]} Bc3 {[%clk 00:24:15]} {[%emt 00:05:08]}
21. O-O {[%clk 00:40:19]} {[%emt 00:01:37]} Bxd2 {[%clk 00:18:03]} {[%emt
00:06:42]} 22. Rxd2 {[%clk 00:40:23]} {[%emt 00:00:25]} Qb4 {[%clk 00:18:22]}
{[%emt 00:00:09]} 23. Rdd1 {[%clk 00:34:23]} {[%emt 00:06:33]} Qc3 {[%clk
00:16:33]} {[%emt 00:02:14]} 24. Be4 {[%clk 00:30:57]} {[%emt 00:04:01]} a5
{[%clk 00:15:22]} {[%emt 00:01:41]} 25. Rb1 {[%clk 00:27:20]} {[%emt 00:04:07]}
Ra6 {[%clk 00:11:51]} {[%emt 00:04:01]} 26. Bxb7 {[%clk 00:26:02]} {[%emt
00:01:48]} Bxb7 {[%clk 00:05:03]} {[%emt 00:07:18]} 27. Rxb7 {[%clk 00:26:24]}
{[%emt 00:00:09]} Rf7 {[%clk 00:05:19]} {[%emt 00:00:13]} 28. Qb8+ {[%clk
00:26:37]} {[%emt 00:00:17]} 1-0

[Event "DEM U16w 2025"]
[Site "Willingen GER"]
[Date "2025.06.12"]
[Round "7"]
[White "Ignatova, Gabriela"]
[Black "Mamani Orozco, Camila Guianella"]
[Result "1/2-1/2"]
[Termination "normal"]
[Board "7"]
[WhiteElo "1688"]
[BlackElo "1689"]
[WhiteClock "00:15:34"]
[BlackClock "00:01:19"]
[PlyCount "69"]
[WhiteFideId "34623698"]
[BlackFideId "3877663"]
[EventCountry "GER"]
[EventRounds "9"]
[EventType "swiss"]
[EventDate "2025.06.07"]

1. e4 {[%clk 01:30:55]} {[%emt 00:00:04]} c5 {[%clk 01:30:54]} {[%emt
00:00:07]} 2. Nc3 {[%clk 01:31:09]} {[%emt 00:00:15]} Nc6 {[%clk 01:31:16]}
{[%emt 00:00:09]} 3. Bb5 {[%clk 01:31:25]} {[%emt 00:00:14]} Nd4 {[%clk
01:31:36]} {[%emt 00:00:10]} 4. Nf3 {[%clk 01:31:39]} {[%emt 00:00:15]} e6
{[%clk 01:29:52]} {[%emt 00:02:14]} 5. O-O {[%clk 01:24:54]} {[%emt 00:07:16]}
a6 {[%clk 01:29:25]} {[%emt 00:00:57]} 6. Bd3 {[%clk 01:21:16]} {[%emt
00:04:08]} Nc6 {[%clk 01:28:16]} {[%emt 00:01:39]} 7. e5 {[%clk 01:18:27]}
{[%emt 00:03:19]} d6 {[%clk 01:24:57]} {[%emt 00:03:48]} 8. exd6 {[%clk
01:15:47]} {[%emt 00:03:10]} Bxd6 {[%clk 01:25:09]} {[%emt 00:00:20]} 9. Be4
{[%clk 01:14:52]} {[%emt 00:01:23]} Nd4 {[%clk 01:22:18]} {[%emt 00:03:22]} 10.
Nxd4 {[%clk 01:12:14]} {[%emt 00:03:08]} cxd4 {[%clk 01:22:40]} {[%emt
00:00:08]} 11. Ne2 {[%clk 01:12:39]} {[%emt 00:00:05]} Nf6 {[%clk 01:20:26]}
{[%emt 00:02:44]} 12. Bf3 {[%clk 01:11:36]} {[%emt 00:01:32]} e5 {[%clk
01:13:28]} {[%emt 00:07:28]} 13. d3 {[%clk 01:11:24]} {[%emt 00:00:42]} h6
{[%clk 01:09:29]} {[%emt 00:04:29]} 14. Re1 {[%clk 01:11:00]} {[%emt 00:00:55]}
O-O {[%clk 01:06:50]} {[%emt 00:03:08]} 15. Ng3 {[%clk 01:10:23]} {[%emt
00:01:06]} Qc7 {[%clk 00:58:26]} {[%emt 00:08:56]} 16. Bd2 {[%clk 01:00:59]}
{[%emt 00:09:53]} Bd7 {[%clk 00:50:35]} {[%emt 00:08:19]} 17. Rc1 {[%clk
00:59:29]} {[%emt 00:02:02]} Qb6 {[%clk 00:48:10]} {[%emt 00:02:53]} 18. Ne4
{[%clk 00:49:15]} {[%emt 00:10:45]} Nxe4 {[%clk 00:40:41]} {[%emt 00:07:59]}
19. Bxe4 {[%clk 00:48:57]} Qxb2 {[%clk 00:40:41]} 20. Rb1 {[%clk 00:38:25]}
{[%emt 00:34:30]} Qxa2 {[%clk 00:18:08]} {[%emt 00:00:53]} 21. Rxb7 {[%clk
00:38:45]} {[%emt 00:00:11]} Qe6 {[%clk 00:13:12]} {[%emt 00:05:20]} 22. Qf3
{[%clk 00:38:43]} {[%emt 00:00:37]} Rab8 {[%clk 00:10:12]} {[%emt 00:03:30]}
23. Bd5 {[%clk 00:36:27]} {[%emt 00:02:46]} Qg4 {[%clk 00:10:06]} {[%emt
00:00:36]} 24. Qxg4 {[%clk 00:34:41]} {[%emt 00:02:17]} Bxg4 {[%clk 00:10:31]}
{[%emt 00:00:04]} 25. f3 {[%clk 00:34:41]} {[%emt 00:00:31]} Rxb7 {[%clk
00:09:15]} {[%emt 00:01:46]} 26. Bxb7 {[%clk 00:34:32]} {[%emt 00:00:39]} Be6
{[%clk 00:04:18]} {[%emt 00:05:23]} 27. Ra1 {[%clk 00:26:56]} {[%emt 00:08:09]}
Rb8 {[%clk 00:02:23]} {[%emt 00:02:26]} 28. Be4 {[%clk 00:25:15]} {[%emt
00:02:11]} f5 {[%clk 00:01:46]} {[%emt 00:01:07]} 29. Rxa6 {[%clk 00:25:10]}
{[%emt 00:00:35]} fxe4 {[%clk 00:01:57]} {[%emt 00:00:19]} 30. Rxd6 {[%clk
00:25:29]} {[%emt 00:00:10]} e3 {[%clk 00:01:21]} {[%emt 00:01:07]} 31. Be1
{[%clk 00:22:56]} {[%emt 00:03:03]} Bf7 {[%clk 00:01:18]} {[%emt 00:00:33]} 32.
Kf1 {[%clk 00:22:35]} {[%emt 00:00:51]} Rc8 {[%clk 00:01:10]} {[%emt 00:00:37]}
33. Bg3 {[%clk 00:17:27]} {[%emt 00:05:38]} Rxc2 {[%emt 00:00:55]} 34. Bxe5
{[%clk 00:15:34]} {[%emt 00:02:06]} Rf2+ {[%clk 00:01:19]} {[%emt 00:00:13]}
35. Ke1 {[%emt 00:04:34]} 1/2-1/2

[Event "DEM U16w 2025"]
[Site "Willingen GER"]
[Date "2025.06.12"]
[Round "7"]
[White "Schulten, Namita"]
[Black "Kutz, Ida Klara"]
[Result "1/2-1/2"]
[Termination "normal"]
[Board "8"]
[WhiteElo "1696"]
[BlackElo "1783"]
[WhiteClock "01:19:13"]
[BlackClock "00:01:53"]
[PlyCount "127"]
[WhiteFideId "34663568"]
[BlackFideId "16296257"]
[EventCountry "GER"]
[EventRounds "9"]
[EventType "swiss"]
[EventDate "2025.06.07"]

1. e4 {[%clk 01:30:59]} {[%emt 03:25:03]} c6 {[%clk 01:30:37]} {[%emt
00:00:23]} 2. c4 {[%clk 01:31:22]} {[%emt 00:00:06]} d5 {[%clk 01:31:03]}
{[%emt 00:00:04]} 3. cxd5 {[%clk 01:31:48]} {[%emt 00:00:04]} cxd5 {[%clk
01:30:22]} {[%emt 00:01:11]} 4. exd5 {[%clk 01:32:13]} {[%emt 00:00:05]} Nf6
{[%clk 01:29:40]} {[%emt 00:01:12]} 5. Nc3 {[%clk 01:32:14]} {[%emt 00:00:30]}
Nxd5 {[%clk 01:28:21]} {[%emt 00:01:48]} 6. Bc4 {[%clk 01:31:55]} {[%emt
00:00:50]} Nb6 {[%clk 01:28:26]} {[%emt 00:00:24]} 7. Bb3 {[%clk 01:32:20]}
{[%emt 00:00:05]} Nc6 {[%clk 01:27:32]} {[%emt 00:01:23]} 8. Nf3 {[%clk
01:31:50]} {[%emt 00:01:00]} Bf5 {[%clk 01:27:08]} {[%emt 00:00:54]} 9. d4
{[%clk 01:31:14]} {[%emt 00:01:07]} e6 {[%clk 01:24:46]} {[%emt 00:02:51]} 10.
O-O {[%clk 01:31:03]} {[%emt 00:00:42]} Be7 {[%clk 01:22:58]} {[%emt 00:02:17]}
11. d5 {[%clk 01:29:32]} {[%emt 00:02:02]} exd5 {[%clk 01:18:45]} {[%emt
00:04:42]} 12. Nxd5 {[%clk 01:29:42]} {[%emt 00:00:21]} Nxd5 {[%clk 01:18:02]}
{[%emt 00:01:13]} 13. Bxd5 {[%clk 01:28:14]} {[%emt 00:01:59]} O-O {[%clk
01:13:20]} {[%emt 00:05:11]} 14. Be3 {[%clk 01:27:08]} {[%emt 00:01:36]} Bf6
{[%clk 01:04:52]} {[%emt 00:08:57]} 15. Bxc6 {[%clk 01:24:27]} {[%emt
00:03:11]} bxc6 {[%clk 01:04:03]} {[%emt 00:01:19]} 16. Nd4 {[%clk 01:23:56]}
{[%emt 00:01:01]} Be4 {[%clk 00:59:34]} {[%emt 00:04:59]} 17. Rc1 {[%clk
01:22:50]} {[%emt 00:01:35]} Rc8 {[%clk 00:56:11]} {[%emt 00:03:54]} 18. Qa4
{[%clk 01:20:25]} {[%emt 00:02:56]} c5 {[%clk 00:49:16]} {[%emt 00:07:25]} 19.
Ne6 {[%clk 01:16:16]} {[%emt 00:04:33]} Bc6 {[%clk 00:36:04]} {[%emt 00:13:47]}
20. Qxc6 {[%clk 01:15:10]} {[%emt 00:01:36]} Rxc6 {[%clk 00:35:11]} {[%emt
00:01:24]} 21. Nxd8 {[%clk 01:15:32]} {[%emt 00:00:07]} Rxd8 {[%clk 00:35:34]}
{[%emt 00:00:06]} 22. Rxc5 {[%clk 01:15:47]} {[%emt 00:00:16]} Ra6 {[%clk
00:24:38]} {[%emt 00:11:27]} 23. Rc7 {[%clk 01:14:30]} {[%emt 00:01:46]} Rxa2
{[%clk 00:22:03]} {[%emt 00:03:06]} 24. Rxa7 {[%clk 01:13:26]} {[%emt
00:01:34]} Rxb2 {[%clk 00:20:50]} {[%emt 00:01:42]} 25. Rc1 {[%clk 01:13:08]}
{[%emt 00:00:48]} h6 {[%clk 00:13:23]} {[%emt 00:07:58]} 26. g3 {[%clk
01:12:48]} {[%emt 00:00:50]} Be5 {[%clk 00:09:42]} {[%emt 00:04:11]} 27. Rc5
{[%clk 01:08:31]} {[%emt 00:04:47]} f6 {[%clk 00:05:21]} {[%emt 00:04:51]} 28.
Kg2 {[%clk 01:07:14]} {[%emt 00:01:46]} Kh7 {[%clk 00:03:37]} {[%emt 00:02:14]}
29. Rc4 {[%clk 01:06:47]} {[%emt 00:00:57]} Rd3 {[%clk 00:02:36]} {[%emt
00:01:31]} 30. Kf3 {[%clk 01:05:10]} {[%emt 00:02:07]} Rbb3 {[%clk 00:02:31]}
{[%emt 00:00:36]} 31. Ke2 {[%clk 01:04:27]} {[%emt 00:01:13]} Rd5 {[%clk
00:01:47]} {[%emt 00:01:14]} 32. Rh4 {[%clk 01:02:43]} {[%emt 00:02:13]} Kg8
{[%clk 00:00:32]} {[%emt 00:01:45]} 33. Rg4 {[%clk 01:02:18]} {[%emt 00:00:55]}
f5 {[%clk 00:00:42]} {[%emt 00:00:21]} 34. Rg6 {[%clk 01:02:24]} {[%emt
00:00:23]} Kh7 {[%clk 00:00:43]} {[%emt 00:00:30]} 35. Rxh6+ {[%clk 01:02:41]}
{[%emt 00:00:12]} Kg8 {[%clk 00:01:08]} {[%emt 00:00:05]} 36. Re6 {[%clk
00:59:40]} {[%emt 00:03:30]} Rb8 {[%clk 00:00:58]} {[%emt 00:00:42]} 37. Ree7
{[%clk 00:57:27]} {[%emt 00:02:43]} Bf6 {[%clk 00:01:06]} {[%emt 00:00:22]} 38.
Reb7 {[%clk 00:56:21]} {[%emt 00:01:36]} Rxb7 {[%clk 00:00:44]} {[%emt
00:00:52]} 39. Rxb7 {[%clk 00:56:45]} {[%emt 00:00:05]} Kh7 {[%clk 00:00:57]}
{[%emt 00:00:18]} 40. h3 {[%clk 00:56:25]} {[%emt 00:00:49]} Be5 {[%clk
00:00:41]} {[%emt 00:00:46]} 41. f4 {[%clk 00:56:14]} {[%emt 00:00:41]} Bd4
{[%clk 00:23:22]} {[%emt 00:07:50]} 42. g4 {[%clk 01:23:38]} {[%emt 00:03:05]}
fxg4 {[%clk 00:14:36]} {[%emt 00:09:16]} 43. hxg4 {[%clk 01:23:58]} {[%emt
00:00:11]} Bc3 {[%clk 00:13:10]} {[%emt 00:01:56]} 44. f5 {[%clk 01:23:08]}
{[%emt 00:01:20]} Kg8 {[%clk 00:08:24]} {[%emt 00:05:16]} 45. Kf3 {[%clk
01:23:03]} {[%emt 00:00:34]} g6 {[%clk 00:06:13]} {[%emt 00:02:41]} 46. fxg6
{[%clk 01:22:02]} {[%emt 00:01:31]} Rd6 {[%clk 00:06:10]} {[%emt 00:00:32]} 47.
Rc7 {[%clk 01:20:38]} {[%emt 00:01:55]} Ba5 {[%clk 00:03:18]} {[%emt 00:03:23]}
48. Rc5 {[%clk 01:20:15]} {[%emt 00:00:52]} Bb6 {[%clk 00:01:32]} {[%emt
00:02:17]} 49. Rc8+ {[%clk 01:19:53]} {[%emt 00:00:51]} Kg7 {[%clk 00:01:27]}
{[%emt 00:00:35]} 50. Bxb6 {[%clk 01:19:25]} {[%emt 00:00:59]} Rxb6 {[%clk
00:01:44]} {[%emt 00:00:13]} 51. Kf4 {[%clk 01:19:26]} {[%emt 00:00:29]} Kxg6
{[%clk 00:01:28]} {[%emt 00:00:46]} 52. Rc4 {[%clk 01:19:48]} {[%emt 00:00:08]}
Ra6 {[%clk 00:00:56]} {[%emt 00:01:02]} 53. Kg3 {[%clk 01:19:38]} {[%emt
00:00:39]} Rb6 {[%clk 00:00:45]} {[%emt 00:00:41]} 54. Kh4 {[%clk 01:19:47]}
{[%emt 00:00:21]} Ra6 {[%clk 00:00:52]} {[%emt 00:00:24]} 55. Rc8 {[%clk
01:20:06]} {[%emt 00:00:10]} Rb6 {[%clk 00:00:59]} {[%emt 00:00:24]} 56. Rg8+
{[%clk 01:20:28]} {[%emt 00:00:07]} Kf7 {[%clk 00:01:11]} {[%emt 00:00:18]} 57.
Rg5 {[%clk 01:20:31]} {[%emt 00:00:27]} Rh6+ {[%clk 00:01:31]} {[%emt
00:00:10]} 58. Kg3 {[%clk 01:20:36]} {[%emt 00:00:24]} Rb6 {[%clk 00:01:35]}
{[%emt 00:00:27]} 59. Rh5 {[%clk 01:20:35]} {[%emt 00:00:30]} Kg6 {[%clk
00:01:42]} {[%emt 00:00:24]} 60. Kh4 {[%clk 01:20:57]} {[%emt 00:00:08]} Rb4
{[%clk 00:01:42]} {[%emt 00:00:31]} 61. Rc5 {[%clk 01:21:05]} {[%emt 00:00:22]}
Rb6 {[%clk 00:02:00]} {[%emt 00:00:12]} 62. Rg5+ {[%clk 01:20:23]} {[%emt
00:01:11]} Kh6 {[%clk 00:01:47]} {[%emt 00:00:44]} 63. Rc5 {[%clk 01:20:09]}
{[%emt 00:00:43]} Kg6 {[%clk 00:01:53]} {[%emt 00:00:24]} 64. Rg5+ {[%clk
01:19:13]} {[%emt 00:01:26]} 1/2-1/2